Guatemala: plan piloto para el continente

Gardado en:
Detalles Bibliográficos
Autor Principal: Jonas Bodenheimer, Susanne
Formato: Texto
Publicado: San José: EDUCA
Etiquetas: Engadir etiqueta
Sen Etiquetas, Sexa o primeiro en etiquetar este rexistro!

MARC

LEADER 00000 a a2200000 04500
001 22661
003
040
020 |a 84-8390-241-5  
090 |a 155300  
100 |a Jonas Bodenheimer, Susanne  
245 |a Guatemala: plan piloto para el continente  
260 |a San José:   |b EDUCA  
300 |a 430 p.  
999 |c 15898  |d 15898